000 00322nam a2200133Ia 4500
999 _c8825
_d8825
020 _a9780071180399
082 _a658.834
100 _aDel I. Hawkins, Roger J. Best and Kenneth A. Coney
245 0 _aConsumer Behavior
250 _a8th edition
260 _aUSA
_bMcGraw- Hill
_c2001
300 _a776
942 _cMARKETING